| 000 | 01974cam a2200373 i 4500 | ||
|---|---|---|---|
| 001 | 20306091 | ||
| 003 | NUST | ||
| 005 | 20230221134342.0 | ||
| 008 | 180125s2017 enk b 001 0 eng | ||
| 010 | _a 2017479778 | ||
| 020 |
_a978-1-78453-214-7 _qpaperback |
||
| 020 |
_a978-0-85773-915-5 _qpaperback |
||
| 040 |
_aDLC _beng _erda _cDLC |
||
| 042 | _apcc | ||
| 043 |
_aa-pk--- _aa-ir--- _an-us--- _aa------ |
||
| 050 | 0 | 0 |
_aDS274.2.P18 _bV38 2017 |
| 082 | _a327.5491, VAT | ||
| 100 | 1 |
_aVatanka, Alex, _eauthor. _9109350 |
|
| 245 | 1 | 0 |
_aIran and Pakistan : _bsecurity, diplomacy and American influence / _cAlex Vatanka. |
| 250 | _aNew paperback edition. | ||
| 264 | 1 |
_aLondon ; _aNew York : _bI.B. Tauris & Co. Ltd, _c2017. |
|
| 300 |
_axii, 307 pages ; _c22 cm |
||
| 336 |
_atext _2rdacontent |
||
| 337 |
_aunmediated _2rdamedia |
||
| 338 |
_avolume _2rdacarrier |
||
| 505 | 0 | _aOn the road to India: Iran's and Pakistan's intertwined history (Page-5), 1947-1958: early hiccups, as Iran and Pakistan both look to the US for protection (Page-12),1958-1965: regional turbulence and an unlikely union (Page-27),1965-1969: the northern tier: a fluid fault line (Page-45),1969-71: Iran's intervention over the Pakistani defeat of 1971 (Page-66),1971-77: the Shah and Pakistan's reluctant dependence (Page-82),1977-1988: Zia, the Shah and coming of the Ayatollah (Page-129),The arrival of the Shi'a-Sunni schism in relations (Page-171),1988-2001: Geopolitical foes, sometime partners (Page-195),2001-present: Afghanistan, the Arab challenge and Iran's soft power in Pakistan (Page-226). | |
| 651 | 0 |
_aIran _xForeign relations _zPakistan. _9109351 |
|
| 651 | 0 |
_aPakistan _xForeign relations _zIran. _9109352 |
|
| 651 | 0 |
_aUnited States _xRelations _zAsia. _9109353 |
|
| 651 | 0 |
_aAsia _xRelations _zUnited States. _9109354 |
|
| 906 |
_a7 _bcbc _corigres _d3 _encip _f20 _gy-gencatlg |
||
| 942 |
_2ddc _cBK |
||
| 999 |
_c593396 _d593396 |
||